01047 a2200169 4500001000700000020001800007040003200025090003400057245003900091260001600130362000900146490001900155520055900174942000700733952011800740999001900858122527 a9788542621815 cEscola Canadense de Niteroi aSOU - Turma da mônica jovem10aTurma da Mônica - Geração 12 aSão Paulo0 a20190 aGeração 12 aA primeira revista do selo Mangá MSP traz "Um Novo Tempo". O recém-inaugurado Instituto Astro de Exploração Espacial abriu as portas para receber sua primeira geração de alunos com 12 anos de idade. Estudar planetas e luas, conhecer alienígenas, caminhar numa sala com gravidade zero... Essas são apenas algumas das aulas para quem sonha em viajar pelo universo como o Astronauta Pereira. Esta edição revela um pouco desse novo mundo, enquanto a Turma da Mônica Geração 12 se prepara para uma grande aventura! (Grade Level: 7-9) cBK 00104070a80.1b80.1d2024-02-09l0oSOU - Turma da mônica jovempA21282r2024-02-09 21:18:34w2024-02-09yBK c122527d122527